| 000 | 00512cam a2200169 4500 | ||
|---|---|---|---|
| 001 | 461 | ||
| 005 | 20181127161528.0 | ||
| 008 | 721213t19541948nyu 000 0 eng | ||
| 010 | _a 54004389 | ||
| 100 | 1 |
_aMalinowski, Bronislaw, _d1884-1942. |
|
| 245 | 1 | 0 |
_aMagic, science and religion, _band other essays. _cWith an introd. by Robert Redfield. |
| 260 |
_aGarden City, N.Y. : _bDoubleday, _c1948. |
||
| 300 |
_a274 p. : _c18 cm. |
||
| 490 | 0 | _aDoubleday anchor books, A23 | |
| 650 | 0 | _aEthnology. | |
| 650 | 0 | _aReligion. | |
| 999 |
_c369 _d369 |
||